Szczegóły MARC21

Partyzanckie public relations w Internecie : prowadzenie skutecznej kampanii medialnej w Internecie, poza Internetem i wszędzie gdzie się da /

003 -Nazwa inst., której nr kontr. jest w polu 001 [,]
    • @
    • Nazwa instytucji, której n kontrolny jest w polu 001
    • NUKAT
005 -DATA I CZAS OSTATNIEJ MODYFIKACJI [,]
    • @
    • pole kontrolne
    • 20241231095626.0
020 -Międzynarod. znormalizowany nr książki - ISBN [ , ]
    • a
    • Numer ISBN
    • 8385428798 Find
040 -Instytucja sporządzająca opis [ , ]
    • a
    • Instytucja, która sporządziła opis (NP)
    • LUBL KUL/pg
    • c
    • Instytucja, która sporządziła rekord (NP)
    • LUBL KUL/pg
    • d
    • Instytucja, która zmodyfikowała rekord (P)
    • LUBL KUL/JP
    • d
    • Instytucja, która zmodyfikowała rekord (P)
    • LUBL M/ASs
    • d
    • Instytucja, która zmodyfikowała rekord (P)
    • WA N/PBap
    • d
    • Instytucja, która zmodyfikowała rekord (P)
    • WA N/PBkrjs
    • d
    • Instytucja, która zmodyfikowała rekord (P)
    • WA U/DN
    • d
    • Instytucja, która zmodyfikowała rekord (P)
    • GL 001/EZN
041 -Język dokumentu [1, ]
    • a
    • Język tekstu (P)
    • polski
    • h
    • Język tekstu oryginalnego i/lub pośredniego (P)
    • angielski
942 -Rodzaj dokumentu [ , ]
    • c
    • Rodzaj dokumentu
    • Książka
100 -Hasło główne - nazwa osobowa [1, ]
    • a
    • Nazwa osobowa (NP)
    • Levine, Michael
    • d
    • Daty biograficzne (NP)
    • (1954- ).
    • 9
    • KHW
    • 447630
240 -Tytuł ujednolicony [1,0]
    • a
    • Tytuł ujednolicony
    • Guerrilla P.R. wired
    • l
    • Język tekstu
    • (pol.)
    • 9
    • KHW
    • 447633
245 -Strefa tytułu i oznaczenia odpowiedzialności [1,0]
    • a
    • Tytuł
    • Partyzanckie public relations w Internecie : Find
    • b
    • Ciąg dalszy tytułu (NP)
    • prowadzenie skutecznej kampanii medialnej w Internecie, poza Internetem i wszędzie gdzie się da / Find
    • c
    • Pozostałe elementy strefy tytułu i oznaczenia odpowiedzialności (NP)
    • Michael Levine ; [przedm. George Gendron ; przeł. Grzegorz Dąbkowski].
246 -Wariant tytułu [1, ]
    • i
    • Tekst wyświetlany na ekranie monitora (NP)
    • Tyt. oryg.:
    • a
    • Tytuł (NP)
    • Guerrilla P. R. wired :
    • b
    • Ciąg dalszy tytułu (NP)
    • waging a successful publicity campaign online, offline and everywhere in between
260 -Strefa adresu wydawniczego [ , ]
    • a
    • Miejsce wydania (P)
    • Warszawa :
    • b
    • Nazwa wydawcy (P)
    • Agencja Wydawnicza Placet,
    • c
    • Data wydania (P)
    • 2003.
300 -Strefa opisu fizycznego [ , ]
    • a
    • Określenie formy książki i/lub objętość (NP)
    • 319 s. ;
    • c
    • Format (NP)
    • 22 cm.
336 -Typ zawartości [ , ]
    • a
    • Termin opisujący typ zawartości
    • Tekst
    • b
    • Kod określający zawartość
    • txt
    • 2
    • Źródło (terminu i kodu)
    • rdacontent
337 -Typ mediów [ , ]
    • a
    • Tryb odtwarzania
    • Bez urządzenia pośredniczącego
    • b
    • Kod typu mediów
    • n
    • 2
    • Źródło (terminu i kodu)
    • rdamedia
338 -Typ/rodzaj nośnika [ , ]
    • a
    • Hasło opisujące typ nośnika
    • Wolumin
    • b
    • Kod typu nośnika
    • nc
    • 2
    • Źródło (terminu i kodu)
    • rdacarrier
490 -Strefa serii i książki wielotomowej - forma nie do wyszukiwania [1, ]
    • a
    • Tytuł (P)
    • Marketing Nowego Wieku Find
830 -Hasło dodatkowe serii i opisu książki wielotomowej - tytuł ujednolicony/tytuł [ ,0]
    • a
    • Tytuł ujednolicony/tytuł (NP)
    • Marketing Nowego Wieku
    • 9
    • KHW
    • 76219
500 -Uwaga ogólna [ , ]
    • a
    • Uwaga ogólna (NP)
    • Nazwa aut. przedm. na s. 14.
504 -Uwaga dot. bibliogr. załącznikowej [ , ]
    • a
    • Uwaga dot. bibliografii załącznikowej
    • Indeks.
650 -Hasło przedmiotowe [ ,7]
    • a
    • Hasło przedmiotowe
    • Marketing w Internecie.
    • 2
    • Źródło terminu
    • kaba
    • 9
    • KHW
    • 118391
650 -Hasło przedmiotowe [ ,7]
    • a
    • Hasło przedmiotowe
    • Małe i średnie przedsiębiorstwa
    • x
    • Określnik rzeczowy
    • public relations.
    • 2
    • Źródło terminu
    • kaba
    • 9
    • KHW
    • 447739
650 -Hasło przedmiotowe [ ,7]
    • a
    • Hasło przedmiotowe
    • Marketing cyfrowy
    • 2
    • Źródło terminu
    • DBN
    • 9
    • KHW
    • 729469
650 -Hasło przedmiotowe [ ,7]
    • a
    • Hasło przedmiotowe
    • Public relations
    • 2
    • Źródło terminu
    • DBN
    • 9
    • KHW
    • 738049
700 -Hasło dodatkowe - nazwa osobowa [1, ]
    • a
    • Nazwa osobowa (NP)
    • Dąbkowski, Grzegorz Find
    • c
    • Dopowiedzenie inne niż daty biograficzne (NP)
    • (tłumacz).
    • e
    • Określenie rodzaju współpracy
    • Tł.
    • 9
    • KHW
    • 26472
700 -Hasło dodatkowe - nazwa osobowa [1, ]
    • a
    • Nazwa osobowa (NP)
    • Gendron, George. Find
    • e
    • Określenie rodzaju współpracy
    • Przedm.
    • 9
    • KHW
    • 447631
710 -Hasło dodatkowe - nazwa ciała zbiorowego [2, ]
    • a
    • Nazwa ciała zbiorowego lub nazwa geograficzna jako pierwszy element (NP)
    • Agencja Wydawniczo-Poligraficzna Placet.
    • 4
    • Kod relacji
    • pbl
    • 9
    • KHW
    • 64652
710 -Hasło dodatkowe - nazwa ciała zbiorowego [2, ]
    • a
    • Nazwa ciała zbiorowego lub nazwa geograficzna jako pierwszy element (NP)
    • Wydawnictwo Placet Leszek Plak.
    • 4
    • Kod relacji
    • pbl
    • 9
    • KHW
    • 65137
920 -ISBN [ , ]
    • a
    • ISBN
    • 83-85428-79-8 Find
Data inwentaryzacji Lokalizacja Numer inwentarzowy Status udost.
2003-05-05BEE.68680-2
2003-05-05BES.90485-2
2018-03-29BGWM.21417-3